000 00555nmm a2200193Ia 4500
008 251105s9999||||xx |||||||||||||||||und||
020 _a9788434872899
041 _aspa
100 _aCasalderrey, Fina
245 0 _aEl misterio del cementerio viejo
264 _a[Madrid, España] :
_bGrupo SM,
_c2000
300 _a144 páginas
490 _aEl Barco de Vapor Naranja
650 _aAges 9-12 Years Old
700 _aCasalderrey, Fina
700 1 _a Uhía, Manuel (il.)
856 _uhttps://public.digitaliapublishing.com/a/86169
942 _cCF
999 _c63694
_d63694